000 01404nam a2200337Ia 4500
001 ebr10364089
003 CaPaEBR
006 m u
007 cr cn|||||||||
008 091117s2010 ne a sb 001 0 eng d
010 _z 2009043585
020 _z9789027255334 (hb : alk. paper)
020 _z9789027288660 (eb : alk. paper)
040 _aCaPaEBR
_cCaPaEBR
035 _a(OCoLC)593240237
050 1 4 _aP165
_b.L54 2010eb
082 0 4 _a415
_222
245 0 4 _aThe linguistics enterprise
_h[electronic resource] :
_bfrom knowledge of language to knowledge in linguistics /
_cedited by Martin Everaert ... [et al.].
260 _aAmsterdam ;
_aPhiladelphia :
_bJohn Benjamins Pub. Co.,
_c2010.
300 _aix, 379 p. :
_bill.
490 0 _aLinguistik aktuell/linguistics today,
_x0166-0829 ;
_vv. 150
504 _aIncludes bibliographical references and index.
533 _aElectronic reproduction.
_bPalo Alto, Calif. :
_cebrary,
_d2010.
_nAvailable via World Wide Web.
_nAccess may be limited to ebrary affiliated libraries.
650 0 _aCognitive grammar.
650 0 _aSemantics.
650 0 _aGrammar, Comparative and general
_xSyntax.
655 7 _aElectronic books.
_2local
700 1 _aEveraert, Martin.
710 2 _aebrary, Inc.
856 4 0 _uhttp://site.ebrary.com/lib/rucke/Doc?id=10364089
_zAn electronic book accessible through the World Wide Web; click to view
999 _c111278
_d111278